The Law Reports (1957 vol.2) Queen's Bench division: on appeal therefrom in the Court of Appeal and decisions in the court of criminal appeal. / (Record no. 3740)

MARC details
000 -LEADER
fixed length control field 00555nam a22001457a 4500
008 - FIXED-LENGTH DATA ELEMENTS--GENERAL INFORMATION
fixed length control field 140826b xxu||||| |||| 00| 0 eng d
020 ## - INTERNATIONAL STANDARD BOOK NUMBER
International Standard Book Number 0406093865
050 ## - LIBRARY OF CONGRESS CALL NUMBER
Classification number KD277.7.L39(1957 vol.2)
245 ## - TITLE STATEMENT
Title The Law Reports (1957 vol.2) Queen's Bench division: on appeal therefrom in the Court of Appeal and decisions in the court of criminal appeal. /
Statement of responsibility, etc. Edited by R. P Colinvaux.
260 ## - PUBLICATION, DISTRIBUTION, ETC.
Place of publication, distribution, etc. London:
Name of publisher, distributor, etc. Butterworth & Co Ltd.,
Date of publication, distribution, etc. 1957.
300 ## - PHYSICAL DESCRIPTION
Extent Ix, 672p.:
Dimensions 24cm
440 ## - SERIES STATEMENT/ADDED ENTRY--TITLE
Name of part/section of a work Queen's Bench division
Volume/sequential designation Vol. 2
800 ## - SERIES ADDED ENTRY--PERSONAL NAME
Personal name Colinvaux R. P
942 ## - ADDED ENTRY ELEMENTS (KOHA)
Source of classification or shelving scheme Library of Congress Classification
Koha item type Books
Holdings
Withdrawn status Lost status Source of classification or shelving scheme Damaged status Not for loan Home library Current library Shelving location Date acquired Total Checkouts Full call number Barcode Date last seen Copy number Price effective from Koha item type
    Library of Congress Classification     WISCONSIN INTERNATIONAL UNIVERSITY COLLEGE, GHANA - MAIN LIBRARY WISCONSIN INTERNATIONAL UNIVERSITY COLLEGE, GHANA - MAIN LIBRARY Law Library 26/08/2014   KD277.7. L39(1957 vol.2) 1892/879/14 26/08/2014 1 26/08/2014 Books

If you have any concerns or questions; kindly contact the library


© Powered by WIUC ICT DIRECTORATE